| 000 | 00953nam a2200289 i 4500 | ||
|---|---|---|---|
| 003 | DO-SdBNP | ||
| 005 | 20240426142559.0 | ||
| 006 | a||||gr|||| 00| 0 | ||
| 007 | ta | ||
| 008 | 230510t2022 pr |||gr|||| 001 udspa d | ||
| 020 | _a9789945637090 | ||
| 040 |
_aDO-SdBNP _bspa _cBNPHU _erda |
||
| 082 | 4 |
_222 _bR788e |
|
| 100 | 1 |
_943388 _aRosa Vélez, Othoniel, _d1947- _eautor |
|
| 245 | 1 | 0 |
_aEscritos tr@nseuntes / _cOtho Rosa Vélez; prólogo, Aarón-Gamaliel Ramos |
| 246 | _aEscritos transeuntes. | ||
| 264 | 3 | 2 |
_aSan Juan, Puerto Rico : _bIsla Negra, _c2022 |
| 300 |
_a136 páginas ; _c21 cm. |
||
| 336 |
_2rdaconten _atexto _btxt |
||
| 337 |
_2rdamedia _asin medición _bn |
||
| 338 |
_2rdacarrier _avolumen _bnc |
||
| 490 | _aVisiones y Cegueras | ||
| 500 | _aIncluye datos biográficos del autor en las solapas de las cubiertas. | ||
| 590 | _aInventariado 2023 / MF | ||
| 700 |
_aRamos, Aarón-Gamaliel _eprólogo _983352 |
||
| 942 |
_2ddc _cLBS1 |
||
| 999 |
_c53468 _d53468 |
||